| 000 | 00575cam a22002291 4500 | ||
|---|---|---|---|
| 001 | sa 67006481 | ||
| 003 | DLC | ||
| 005 | 20260227112407.0 | ||
| 008 | 940727s1967 ii 000 1 urdo | ||
| 010 | _asa 67006481 | ||
| 025 | _aPL480:I-U-1793 | ||
| 035 | _a(OCoLC)30838325 | ||
| 040 |
_aDLC _cCU _dCU _dDLC |
||
| 042 | _apremarc | ||
| 050 | 0 | 0 |
_aPK2200.H342 _bK52 |
| 100 | 1 |
_aHamid, Abdul, _d1928-2011. |
|
| 245 | 1 | 0 | _aK̲h̲ushbū kā k̲h̲vāb. |
| 260 | _c[1967?] | ||
| 300 |
_a224 p. (p. 224 advertisement) _c16 cm. |
||
| 500 | _aIn Urdu. | ||
| 500 | _aA novel. | ||
| 999 |
_c75984 _d75984 |
||